000 00846nam a2200193Ia 4500
003 OSt
005 20241011105432.0
007 ca aa aaaaa
008 201103s9999 xx 000 0 und d
040 _cSSBUL
041 _abur
082 _223
_a၂၉၄.၃၄၃၅၀၉ ရွှေ
_b၉၂၂၈ S-SAT
245 1 0 _aရွှေဥမင်ဘုရားသမိုင်းနှင့် ပင်းတယမြို့ရာဇဝင်။
260 _aရန်ကုန် ၊
_bသီဟရတနာစာပုံနှိပ်တိုက်၊
_c၁၉၆၁။
300 _a၇၄ စာမျက်နှာ ၊
_c၁၇ စင်တီ။
500 _aS-SAT: Dr. Sai Aung Tun
650 _aရွှေဥမင်ဘုရား
_vသမိုင်း
_zပင်းတယမြို့
_955029
942 _2ddc
_cBK1
999 _c16699
_d16699